000 00911nam a2200277Ia 4500
003 OSt
005 20221006143224.0
006 a|||||r|||| 00| 0
007 ta
008 221006b |||||||| |||| 00| 0 eng d
020 _c419.00
024 _a8,384
037 _cTextual
040 _aEASL
_cEASL
_beng
041 _2eng
_aeng
082 _aX415-411.4940J42.N3, M4
100 _aWEI Chao
_9649450
110 _aST. JOHN'S UNIVERSITY. DEPARTMENT OF HISTORY (New York)
_9649451
245 0 _aForeign railroad interests in Manchuria
_b An irritant in Chinese-Japanese relations (1903-1937)
260 _aAnn Arbor
_bUniversity Microfilms International
_c1984
300 _a195p.
_ccm.
490 _v Oth
700 _aST. JOHN'S UNIVERSITY. DEPARTMENT OF HISTORY (New York)
_9649452
942 _hX415-411.4940J42.N3, M4
_cTEXL
_2CC
999 _c1076470
_d1076470